Neo-neutrality

में बचाया:
ग्रंथसूची विवरण
मुख्य लेखक: Cohn, Georg
स्वरूप: पुस्तक
भाषा:Undetermined
प्रकाशित: New York Columbia University Press 1939
विषय:
टैग : टैग जोड़ें
कोई टैग नहीं, इस रिकॉर्ड को टैग करने वाले पहले व्यक्ति बनें!
Thư viện lưu trữ: Trung tâm Học liệu Trường Đại học Cần Thơ
LEADER 00570nam a2200181Ia 4500
001 CTU_89625
008 210402s9999 xx 000 0 und d
082 |a 341.3 
082 |b C678 
100 |a Cohn, Georg 
245 0 |a Neo-neutrality 
245 0 |c Georg Cohn ; Translated from the Danish by Arthur S. Keller, Einar Jensen 
260 |a New York 
260 |b Columbia University Press 
260 |c 1939 
650 |a Neutrality,War (International law),Sanctions (International law) 
904 |i Bằng 
980 |a Trung tâm Học liệu Trường Đại học Cần Thơ